Operaciones de lixiviación y secado en la manufactura de un insecticida botánico a partir de semilla molida de NIM

El propósito de este trabajo era estudiar las operaciones de lixiviación y de secado de un proceso de recuperación del insecticida contenido en la semilla molida del árbol nim, con el propósito de obtener datos de equilibrios y/o de la cinética de la operación. También se determinó la efici...

Full description

Bibliographic Details
Main Author: Espinoza Morales, Rodolfo Agenor
Other Authors: Tutor:
Format: Tesis Section = Libro
Language:Undetermined
Spanish
Published: Estocolmo UNI 2000
Subjects:
LEADER 01358nam a2200265Ia 4500
008 240830s9999 xx 000 0 und d
040 |a BIBLIOTECA-RUSB/ T.Mon 660.28426 E77 
041 |a spa 
082 |a T.Mon 660.28426 E77 
100 1 |a Espinoza Morales, Rodolfo Agenor 
245 1 0 |a Operaciones de lixiviación y secado en la manufactura de un insecticida botánico a partir de semilla molida de NIM 
260 |a Estocolmo  |b UNI  |c 2000 
300 |a 115 p. :il. 
500 |a Tesis originalmente escrita en Inglés. 
502 |a Tesis (Licenciatura en Tecnología en Ingeniería Química) - UNI, 2000. 
520 3 |a El propósito de este trabajo era estudiar las operaciones de lixiviación y de secado de un proceso de recuperación del insecticida contenido en la semilla molida del árbol nim, con el propósito de obtener datos de equilibrios y/o de la cinética de la operación. También se determinó la eficiencia de las etapas de lixiviación del esquema de operación de una extracción a contracorriente realizada en planta piloto discontinua. 
650 7 |a PROCESOS DE EVAPORACIÓN Y SECADO 
650 7 |b  ISOTERMAS DE DESORCIÓN 
650 7 |c  INSECTICIDA BOTÁNICO 
650 7 |d  CINÉTICA DE LIXIVIACIÓN 
650 7 |e  SEMILLA MOLIDA NIM 
700 1 |a Tutor: 
942 |c BK  |2 ddc 
991 |a TESIS 
999 |c 21933